00796nam a2200181 i 450000100060000000300090000600500170001500700030003200800410003510000220007624502130009826000370031130000410034870000560038985200320044599900170047795201200049481285ES-MaACL20250928094359.0t|041103s1941 sp ||||1| spa d1 aHuepke, W.96454114aLas heces del hombre b: diagnóstico funcional de las enfermedades del intestino : fisiología y fisiopatología de los procesos digestivos /cpor W. Huepke ; traducido del alemán por Jimena de la Vega. aMadrid : bEspasa-Calpe, c1941. a152 p., lam. I-IV : bil. ; c22 cm.1 aFernández de la Vega, Jimena, d1895-19849113631 aES-MaACLjB-10370 bR.22087 c81285d81285 00104070aATENEOMbATENEOMcSPBd2008-01-17eSCl0oB-10370p1084973r2023-02-23 00:00:00w2023-02-23yMONOGRAFIA